| 000 | 01373njm a22002897a 4500 | ||
|---|---|---|---|
| 005 | 2010090908228.0 | ||
| 007 | sd ammalaaahaa | ||
| 008 | 100904t xxu||||| |||| 00| 0 hin d | ||
| 028 |
_aN. 55170 _bHis Master's Voice |
||
| 028 |
_aOJE. 24775 _bHis Master's Voice |
||
| 028 |
_aOJE. 24776 _bHis Master's Voice |
||
| 035 | _aGR-01518 | ||
| 040 | _aSED/VEN | ||
| 100 |
_aKhanna, Usha _91184 |
||
| 245 |
_aPainic In Goa; Part-1: _bHindustani / _cby Usha Khanna; Music Dtn.by Robin Bannerjee; Lyric by Yogesh _h[Sound Recording] : |
||
| 246 | _aपैनिक इन गोवा (उषा खन्ना) | ||
| 260 |
_aDum Dum, India : _bHis Master's Voice |
||
| 300 |
_a1 sound disc [Gramophone Recording] : _banalog, 33 1/3 rpm ; _c10 in. _fGramophone Records |
||
| 500 | _aBrief Records | ||
| 505 | _aSong Side-1; ये समां खुश नुमा (पैनिक इन गोवा) (उषा खन्ना), Song Side-2; किस्मत वाले वह है जहाँ में (महेंद्र कपूर और कृष्ण कल्ले) Part 2 | ||
| 650 |
_aClassical Music _xExcerpts _zIndia _918309 |
||
| 700 |
_918319 _aKapoor, Mahendra |
||
| 700 |
_918320 _aKalle, Krishna |
||
| 700 | _919056 | ||
| 942 |
_2ddc _cGR |
||
| 999 |
_c44740 _d44740 |
||